<?xml version="1.0" encoding="UTF-8"?>
<collection xmlns:xsi="http://www.w3.org/2001/XMLSchema-instance" xsi:schemaLocation="http://www.loc.gov/MARC21/slim http://www.loc.gov/standards/marcxml/schema/MARC21slim.xsd" xmlns="http://www.loc.gov/MARC21/slim">
 <record>
  <leader>00000cam a22000004a 4500</leader>
  <controlfield tag="001">UP-8027390931313597243</controlfield>
  <controlfield tag="003">Buklod</controlfield>
  <controlfield tag="005">20070912123417.0</controlfield>
  <controlfield tag="006">m    |o  d |      </controlfield>
  <controlfield tag="007">ta</controlfield>
  <controlfield tag="008">991124s1998    xx a    rb   f000 0|eng d</controlfield>
  <datafield tag="010" ind1=" " ind2=" ">
   <subfield code="a">99918676</subfield>
  </datafield>
  <datafield tag="020" ind1=" " ind2=" ">
   <subfield code="a">9718729135 (pbk.)</subfield>
  </datafield>
  <datafield tag="020" ind1=" " ind2=" ">
   <subfield code="a">9718729143 (hard)</subfield>
  </datafield>
  <datafield tag="035" ind1=" " ind2=" ">
   <subfield code="a">(iLib)UPVIS-00000029929</subfield>
  </datafield>
  <datafield tag="037" ind1=" " ind2=" ">
   <subfield code="b">Library of Congress -- Jakarta Overseas Office</subfield>
   <subfield code="c">P395.00</subfield>
  </datafield>
  <datafield tag="090" ind1="0" ind2="0">
   <subfield code="a">P57.P5</subfield>
   <subfield code="b">L58 1998</subfield>
  </datafield>
  <datafield tag="245" ind1="0" ind2="0">
   <subfield code="a">Living language</subfield>
   <subfield code="b">assessment of language proficiency and needs in the professions and in the workplace</subfield>
   <subfield code="c">Maybelle K. Guzman ... [et al.].</subfield>
  </datafield>
  <datafield tag="246" ind1="3" ind2="0">
   <subfield code="a">Assessment of language proficiency and needs in the professions and in the workplace</subfield>
  </datafield>
  <datafield tag="264" ind1=" " ind2="1">
   <subfield code="a">Diliman, Quezon City</subfield>
   <subfield code="b">Office of Research Coordination</subfield>
   <subfield code="b">Education Research Program-CIDS, University of the Philippines</subfield>
   <subfield code="c">1998.</subfield>
  </datafield>
  <datafield tag="300" ind1=" " ind2=" ">
   <subfield code="a">viii, 511 p.</subfield>
   <subfield code="b">col. ill.</subfield>
   <subfield code="c">25 cm.</subfield>
  </datafield>
  <datafield tag="504" ind1=" " ind2=" ">
   <subfield code="a">Includes bibliographical references (p. 511).</subfield>
  </datafield>
  <datafield tag="650" ind1=" " ind2="0">
   <subfield code="a">English language</subfield>
   <subfield code="x">Study and teaching (Higher)</subfield>
   <subfield code="z">Philippines.</subfield>
  </datafield>
  <datafield tag="650" ind1=" " ind2="0">
   <subfield code="a">Filipino language</subfield>
   <subfield code="x">Study and teaching (Higher)</subfield>
   <subfield code="z">Philippines.</subfield>
  </datafield>
  <datafield tag="650" ind1=" " ind2="0">
   <subfield code="a">Communicative competence</subfield>
   <subfield code="z">Philippines.</subfield>
  </datafield>
  <datafield tag="700" ind1="1" ind2=" ">
   <subfield code="a">Guzman, Maybelle K.</subfield>
  </datafield>
  <datafield tag="710" ind1="2" ind2=" ">
   <subfield code="a">University of the Philippines System.</subfield>
   <subfield code="b">Office of Research Coordination.</subfield>
  </datafield>
  <datafield tag="710" ind1="2" ind2=" ">
   <subfield code="a">UP Education Research Program.</subfield>
  </datafield>
  <datafield tag="852" ind1="0" ind2=" ">
   <subfield code="a">UPVIS</subfield>
   <subfield code="b">UPV-ML</subfield>
   <subfield code="h">P57.P5 L58 1998</subfield>
  </datafield>
  <datafield tag="942" ind1=" " ind2=" ">
   <subfield code="a">Book</subfield>
  </datafield>
 </record>
</collection>
